| 000 | 00403nam a22001097a 4500 | ||
|---|---|---|---|
| 999 |
_c6862 _d6862 |
||
| 008 | 200331b ||||| |||| 00| 0 eng d | ||
| 245 |
_aEmployment and Earnings Survey 2012: _bAnalytical Report Tanzania Mainland/ _cMinistry of Finance.- _hEnglish. |
||
| 260 |
_aDar Es Salaam: _bNational Bureau of Statistics, _c2013. |
||
| 300 |
_ax, 37p; _bTables, _c30cm.- |
||
| 650 | _2EMPLOYMENT SURVEYS | ||
| 942 |
_2ddc _cBOOKS |
||